000 01575nam a2200181Ia 4500
008 151202s9999||||xx |||||||||||||| ||und||
082 _bPNVM-86310
100 _aसंक- शर्मा के. के. संपा- पठाण के. जी. मग्नाळे व्ही. एस./अनु -साळी चेतन शंकर
245 _aसंदर्भ महाराष्ट्र राज्य व जिल्हे एक दृष्टिकोन खंड 1 भूगोल ते जिल्हा परिषद 30 विषय.
260 _b"इंटेलिक्चुअल बुक ब्युरो, भोपाळ."
260 _c2005
300 _a430
600 _aसंक- शर्मा के. के. संपा- पठाण के. जी. मग्नाळे व्ही. एस./अनु -साळी चेतन शंकर
630 _aसंदर्भ महाराष्ट्र राज्य व जिल्हे एक दृष्टिकोन खंड 1 भूगोल ते जिल्हा परिषद 30 विषय.
700 _aसंक- शर्मा के. के. संपा- पठाण के. जी. मग्नाळे व्ही. एस./अनु -साळी चेतन शंकर
730 _aसंदर्भ महाराष्ट्र राज्य व जिल्हे एक दृष्टिकोन खंड 1 भूगोल ते जिल्हा परिषद 30 विषय.
942 _cBOOK
999 _c1350356
_d1350353